GLOBAL BURDEN OF DISEASE AND RISK FACTORS (Record no. 18690)

MARC details
000 -LEADER
fixed length control field 00474nam a22001697a 4500
003 - CONTROL NUMBER IDENTIFIER
control field OSt
005 - DATE AND TIME OF LATEST TRANSACTION
control field 20211117111642.0
008 - FIXED-LENGTH DATA ELEMENTS--GENERAL INFORMATION
fixed length control field 211117b |||||||| |||| 00| 0 eng d
020 ## - INTERNATIONAL STANDARD BOOK NUMBER
International Standard Book Number 0-8213-6262-3
040 ## - CATALOGING SOURCE
Original cataloging agency DDC
Transcribing agency HU
082 ## - DEWEY DECIMAL CLASSIFICATION NUMBER
Edition number 1ST
Classification number 616
Item number 1
100 ## - MAIN ENTRY--PERSONAL NAME
Personal name LOPEZ ALAN D.
9 (RLIN) 18901
245 ## - TITLE STATEMENT
Title GLOBAL BURDEN OF DISEASE AND RISK FACTORS
250 ## - EDITION STATEMENT
Edition statement 1ST
260 ## - PUBLICATION, DISTRIBUTION, ETC.
Place of publication, distribution, etc. NEW YORK
Name of publisher, distributor, etc. A COPUBLICATION OF THE WORLD BANK AND OXFORD UNIVERSITY PRESS
Date of publication, distribution, etc. 2006
942 ## - ADDED ENTRY ELEMENTS (KOHA)
Source of classification or shelving scheme Dewey Decimal Classification
Koha item type Books like text book referance book
Suppress in OPAC No
Holdings
Withdrawn status Lost status Source of classification or shelving scheme Damaged status Not for loan Home library Current library Date acquired Total Checkouts Full call number Barcode Date last seen Copy number Price effective from Koha item type
    Dewey Decimal Classification     College of Medicine and Health’s Sciences Library College of Medicine and Health’s Sciences Library 11/17/2021   616-GLO-2006 CHMSL00004811 11/17/2021 1 11/17/2021 Books like text book referance book